00635nam a2200157Ia 4500008004100000100001900041245009600060245009900156260004900255260000900304300001100313650001300324856004800337999001900385952007300404170221s9999 xx 000 0 und d aJohn Leaptrott aPerceived environmental change as a determinant of managerial information seeking behavior, cJohn Leaptrott, Georgia Southern University; J. Michael McDonald, Georgia Southern University. bJournal of Management and Marketing Research c2014 a12 : 1 xBusiness uhttp://www.aabri.com/manuscripts/142125.pdf c311567d311567 001040aCLbCLd2017-02-21l0r2017-02-21 00:00:00w2017-02-21yFOJ